|
|
|
|
| LEADER |
01176nam a22002777a 4500 |
| 001 |
37921 |
| 003 |
BD-DhAAL |
| 008 |
220307t2006 bg a|||| |||| 00| 0 ben d |
| 999 |
|
|
|c 43688
|d 43688
|
| 020 |
|
|
|a 9848298029
|
| 020 |
|
|
|a 9789848298022
|
| 040 |
|
|
|a BD-DhAAL
|
| 041 |
|
|
|a ben
|
| 082 |
|
|
|a 954.9205
|2 23
|
| 100 |
|
|
|a মতিন, এম. এ.
|9 46527
|
| 245 |
|
|
|a আমার দেখা ব্যর্থ সেনা অভ্যুত্থান '৯৬ /
|c এম. এ. মতিন
|
| 246 |
|
|
|a Amar dekha barth sena avvthan '96
|
| 260 |
|
|
|a ঢাকা :
|b জ্ঞান বিতরনী,
|c ২০০৬.
|
| 300 |
|
|
|a ৪৬৪ পৃষ্ঠা :
|b চিত্র ;
|c ২২ সে.মি.
|
| 541 |
|
|
|a Donated by Akbar Ali Khan
|e 37921
|
| 600 |
|
|
|a Matina, Ema. E.,
|d 1943-
|9 46528
|
| 650 |
|
|
|a Coups d'état
|z Bangladesh.
|9 46529
|
| 651 |
|
|
|a Bangladesh
|x Politics and government
|y 1971-
|9 46530
|
| 852 |
|
|
|a Ayesha Abed Library
|c Akbar Ali Khan Collection
|
| 942 |
|
|
|2 ddc
|c BK
|
| 952 |
|
|
|0 0
|1 0
|2 ddc
|4 0
|6 954_920500000000000_MAT
|7 1
|9 70024
|a BRACUL
|b BRACUL
|c AAKC
|d 2022-03-07
|e Donated by Akbar Ali Khan
|l 0
|o 954.9205 MAT
|p 3010037921
|r 2022-03-07
|t 1
|w 2022-03-07
|y BK
|